Historia económica de Europa (Registro nro. 5204)

Detalles MARC
000 -LEADER
fixed length control field 01137 a2200205 4500
001 - CONTROL NUMBER
control field 53348
005 - DATE AND TIME OF LATEST TRANSACTION
control field 20260407155808.0
008 - FIXED-LENGTH DATA ELEMENTS--GENERAL INFORMATION
fixed length control field 260407a1965 arg spa d
003 - CONTROL NUMBER IDENTIFIER
control field AR-UNSa-BCEJYS
040 ## - CATALOGING SOURCE
Original cataloging agency AR-UNSa-BCEJYS
Language of cataloging spa
Transcribing agency AR-UNSa-BCEJYS
080 ## - UNIVERSAL DECIMAL CLASSIFICATION NUMBER
Universal Decimal Classification number 339.9
Common auxiliary subdivision Economía internacional en general. Relaciones económicas internacionales. Economía mundial
100 1# - MAIN ENTRY--PERSONAL NAME
Personal name Birnie, Arthur
245 10 - TITLE STATEMENT
Title Historia económica de Europa
Name of part/section of a work 1960-1939
250 ## - EDITION STATEMENT
Edition statement 3a. ed.
264 #1 - PRODUCTION, PUBLICATION, DISTRIBUTION, MANUFACTURE, AND COPYRIGHT NOTICE
Place of production, publication, distribution, manufacture Barcelona :
Name of producer, publisher, distributor, manufacturer Luis Miracle
Date of production, publication, distribution, manufacture, or copyright notice 1965
300 ## - PHYSICAL DESCRIPTION
Extent 330 p.
Dimensions 21 cm.
505 ## - FORMATTED CONTENTS NOTE
Formatted contents note 1. La Revolución Industrial - 2. La Revolución agraria - 3. La Revolución en el transporte - 4. La revolución en el comercio - 5. La revolución política comercial - 6. Moneda, banca e inversión - 7. El socialismo y el problema social - 8. El movimiento obrero político - 9. El movimiento sindical obrero - 10. El movimiento cooperativo - 11. Participación en los beneficios y coasociación - 12. La legislación industrial - 13. Las leyes de benficiencia - 14. El seguro social - 15. Tendencias modernas
590 ## - LOCAL NOTE (RLIN)
Local note niveau_biblio:m niveau_hierar:0
942 ## - ADDED ENTRY ELEMENTS (KOHA)
Koha item type
Existencias
Withdrawn status Lost status Damaged status Not for loan Home library Current library Shelving location Date acquired Total checkouts Full call number Barcode Date last seen Price effective from Koha item type
        Biblioteca Prof. Eusebio Cleto del Rey Biblioteca Prof. Eusebio Cleto del Rey   07/04/2026   339.9 B617 3ed. L21874 07/04/2026 07/04/2026 Libro
        Biblioteca Prof. Eusebio Cleto del Rey Biblioteca Prof. Eusebio Cleto del Rey   07/04/2026   339.9 B617 3ed. L21875 07/04/2026 07/04/2026 Libro